000 00225nam a2200097Ia 4500
001 749705
005 20250826164440.0
008 250824s9999 xx 000 0 und d
245 0 _aZÜRAFA
_cANONİM
260 _bKARATAY YAYINLARI
999 _c749705
_d749705